| 000 | 00625nam a22002177a 4500 | ||
|---|---|---|---|
| 003 | BUBTL | ||
| 008 | 221117b ||||| |||| 00| 0 eng d | ||
| 020 | _a978415006651 | ||
| 050 | _a821.5/ P8102a, 1988 | ||
| 100 |
_94916 _aPope, Alexander |
||
| 245 |
_aAlexander Pope/ _cRobin Sowerby |
||
| 250 | _a1st Edn. | ||
| 260 |
_aUSA _bRoutledge _cc1988 |
||
| 300 |
_avii, 306 p.: _c22 cm |
||
| 440 |
_94917 _aRoutledge |
||
| 505 | _aAlexander Pope, Selected Poetry and Prose | ||
| 650 | 0 |
_91994 _aEnglish Literature |
|
| 856 |
_k0 _l0 _yDownload |
||
| 942 |
_2ddc _cBK |
||
| 999 |
_c6803 _d6803 |
||